Guerra entre Italia y Etiopía : África en los asuntos mundiales.
Imperialismo europeo. Invasión a Etiopía. Mussolini: personalidad. Conciencia política de la población negra norteamericana. La matanza de etíopes.
Guardado en:
| Formato: | |
|---|---|
| Series: | Entre dos guerras
|
| Materias: | |
| Etiquetas: |
Agregar Etiqueta
Sin Etiquetas, Sea el primero en etiquetar este registro!
|
| LEADER | 00906ngm a22002415g 4500 | ||
|---|---|---|---|
| 001 | CEM.cems021643 | ||
| 008 | 130507b1992##################0###0#####d | ||
| 005 | 20240902184152.0 | ||
| 245 | 0 | 0 | |a Guerra entre Italia y Etiopía : |b África en los asuntos mundiales. |
| 300 | |a 25 | ||
| 490 | 0 | |a Entre dos guerras | |
| 500 | |a En soporte VHS, consultar en ventanilla. | ||
| 538 | |a Soporte: VHS - Norma: Pal N - Color - Grabación DRD 1992 - Hitachi=2439 | ||
| 520 | |a Imperialismo europeo. Invasión a Etiopía. Mussolini: personalidad. Conciencia política de la población negra norteamericana. La matanza de etíopes. | ||
| 082 | 9 | 7 | |. 91/SCH-1 |
| 653 | |a HISTORIA | ||
| 653 | |a AFRICA | ||
| 653 | |a AFRICA-HISTORIA | ||
| 653 | |a ETIOPIA | ||
| 653 | |a MUSOLINI | ||
| 653 | |a IMPERIALISMO EUROPEO | ||
| 653 | |a NIVEL SECUNDARIO | ||
| 859 | |a CEMS |b BIB. CEMS - Depto. Recursos Didacticos |h 973.91 |i SCH-1 |k DRD |p 286.12 |t Ej.1 | ||
